01015cam a2200241 a 4500020002700000040000800027082002600035100001900061245004600080260004700126300003500173500002100208500005400229500005400283520022300337650004500560650004000605650007200645650001200717650001000729650001200739700002200751 a0439064864 (hardcover) cDLC00a823 ART 1999 A094 Or.1 aRowling, J. K.10aHarry Potter and the Chamber of Secrets / aNew York :bArthur A. Levine Books,c1999. aviii, 341 p. :bill. ;c24 cm. a"Year 2"--Spine. aSequel to: Harry Potter and the sorcerer's stone. aSequel: Harry Potter and the prisoner of Azkaban. aWhen the Chamber of Secrets is opened again at the Hogwarts School for Witchcraft and Wizardry, second-year student Harry Potter finds himself in danger from a dark power that has once more been released on the school. 0aGranger, Hermione (Fictitious character) 0aWeasley, Ron (Fictitious character) 0aHogwarts School of Witchcraft and Wizardry (Imaginary organization) 1aWizards 1aMagic 1aSchools1 aGrandPré, Mary,